Bioinorganic Chemistry (Record no. 3877)

MARC details
000 -LEADER
fixed length control field 00508nam a22001937a 4500
003 - CONTROL NUMBER IDENTIFIER
control field OSt
005 - DATE AND TIME OF LATEST TRANSACTION
control field 20161110132021.0
008 - FIXED-LENGTH DATA ELEMENTS--GENERAL INFORMATION
fixed length control field 160505b xxu||||| |||| 00| 0 eng d
020 ## - INTERNATIONAL STANDARD BOOK NUMBER
International Standard Book Number 9788122414370
040 ## - CATALOGING SOURCE
Transcribing agency 040a
082 ## - DEWEY DECIMAL CLASSIFICATION NUMBER
Classification number 546
Item number RED 2003
100 ## - MAIN ENTRY--PERSONAL NAME
Personal name Reddy, K. Hussain
9 (RLIN) 8509
245 ## - TITLE STATEMENT
Title Bioinorganic Chemistry
260 ## - PUBLICATION, DISTRIBUTION, ETC. (IMPRINT)
Place of publication, distribution, etc. New Delhi
Name of publisher, distributor, etc. New Age International
Date of publication, distribution, etc. 2003
300 ## - PHYSICAL DESCRIPTION
Extent xiv, 350p;
Other physical details ill :
Dimensions 15 cm
504 ## - BIBLIOGRAPHY, ETC. NOTE
Bibliography, etc Includes index
650 ## - SUBJECT ADDED ENTRY--TOPICAL TERM
Topical term or geographic name as entry element Inorganic chemistry
9 (RLIN) 799
942 ## - ADDED ENTRY ELEMENTS (KOHA)
Source of classification or shelving scheme Dewey Decimal Classification
Koha item type Short Loan
Holdings
Withdrawn status Lost status Source of classification or shelving scheme Damaged status Not for loan Home library Current library Date acquired Inventory number Total Checkouts Full call number Barcode Date last seen Koha item type Source of acquisition
    Dewey Decimal Classification     MUST Main Library MUST Main Library 05/05/2016 12/36387   546 RED 2003 2016-1581 05/05/2016 Short Loan  
    Dewey Decimal Classification     MUST Main Library MUST Main Library 05/05/2016 12/36388   546 RED 2003 2016-1582 05/05/2016 Short Loan  
    Dewey Decimal Classification     MUST Main Library MUST Main Library 30/01/2017 11/3375   546 RED 2003 2017-0073 30/01/2017 Open Shelf